Bach (Lp Vpas 891) (Record n. 102959)

Dettagli MARC
000 -LEADER
fixed length control field 01068njm a2200289Ia 4500
001 - CONTROL NUMBER
control field 20263
003 - CONTROL NUMBER IDENTIFIER
control field IT-RoPAU
005 - DATE AND TIME OF LATEST TRANSACTION
control field 20220918181200.0
008 - FIXED-LENGTH DATA ELEMENTS--GENERAL INFORMATION
fixed length control field 131025s9999 xx 000 0 und d
040 ## - CATALOGING SOURCE
Original cataloging agency IT-RoPAU
040 ## - CATALOGING SOURCE
Transcribing agency IT-RoPAU
999 ## - SYSTEM CONTROL NUMBERS (KOHA)
Koha Dewey Subclass [OBSOLETE] n.d.
100 ## - MAIN ENTRY--PERSONAL NAME
Personal name Bach Johann Sebastian
9 (RLIN) 1154
100 ## - MAIN ENTRY--PERSONAL NAME
Relator term Autore musica
9 (RLIN) 1155
100 ## - MAIN ENTRY--PERSONAL NAME
Miscellaneous information Codice autore musica SPICS: 9695
9 (RLIN) 1156
245 ## - TITLE STATEMENT
Title Bach (Lp Vpas 891)
250 ## - EDITION STATEMENT
Edition statement 1a ed.
260 ## - PUBLICATION, DISTRIBUTION, ETC. (IMPRINT)
Place of publication, distribution, etc. MILANO
260 ## - PUBLICATION, DISTRIBUTION, ETC. (IMPRINT)
Name of publisher, distributor, etc. VEDETTE RECORDS
Date of publication, distribution, etc. 1971 [1a Ed.:1971]
300 ## - PHYSICAL DESCRIPTION
Extent DISCO
300 ## - PHYSICAL DESCRIPTION
Dimensions 40 minuti (Testo: pag.)
500 ## - GENERAL NOTE
General note Musica classica, organistica. Grande organo Tamburini di S. Maria dei Servi in Bologna
505 ## - FORMATTED CONTENTS NOTE
Formatted contents note Toccata e fuga in re min, Bwv 565 - Wir Glauben All'An Einen Gott, Bwv 740 - Ween Wir In Hochsten Noten Sein, Bwv 641 - Wachet Auf, Ruft Uns Die Stimme, Bwv 645 - Fantasia e fuga in la min, Bwv 561 - Nun Komm, Der Heiden Heiland (Corale)
511 ## - PARTICIPANT OR PERFORMER NOTE
Participant or performer note Zanaboni G.: organista
650 ## - SUBJECT ADDED ENTRY--TOPICAL TERM
Topical term or geographic name as entry element CLASSICA [DISCHI]
Relator term Codice MATERIA SPICS: 9950
9 (RLIN) 1157
942 ## - ADDED ENTRY ELEMENTS (KOHA)
Koha item type DISCHI
Source of classification or shelving scheme Dewey Decimal Classification
Dati di copia
Withdrawn status Lost status Damaged status Not for loan Home library Current library Date acquired Total Checkouts Full call number Date last seen Price effective from Koha item type Public note
    Buone Condizioni Not For Loan SPICS-MEDIATECA SPICS-MEDIATECA 25/10/2013   20263 25/10/2013 25/10/2013 DISCHI Progr. Ins.: 3575 / N.Vol.: 1 / Copie: 1 - Copia rara: n.d. / date import: 01.01.2014 - By Epidotti, Trombetti, Vaglietti
CREDITS: SOCIETA' SAN PAOLO Via A.Severo, 58 - ROMA (RM) & PERIODICI SAN PAOLO SRL Via Giotto, 36 MILANO & CISF Via Giotto, 36 MILANO & EDIZIONI SAN PAOLO SRL,  Piazza Soncino, 5 CINISELLO BALSAMO (MI) -- ITALY